[Event "Ekstraliga 2021"]
[Site "Legnica"]
[Date "2021.10.10"]
[Round "9.7"]
[White "Donchenko, Alexander"]
[Black "Piorun, Kacper"]
[Result "0-1"]
[BlackElo "2655"]
[WhiteElo "2648"]
[WhiteTeam "SILESIA Raciborz"]
[BlackTeam "Stilon Gorzow"]
[LiveChessVersion "1.4.8"]

1. c4 {[%clk 1:30:57]} e5 {[%clk 1:30:38]} 2. g3 {[%clk 1:31:09]} Nf6
{[%clk 1:29:28]} 3. Bg2 {[%clk 1:31:24]} c6 {[%clk 1:29:53]} 4. d4
{[%clk 1:31:30]} e4 {[%clk 1:30:18]} 5. Bg5 {[%clk 1:31:42]} Bb4+
{[%clk 1:29:57]} 6. Nc3 {[%clk 1:31:38]} d5 {[%clk 1:30:20]} 7. Bxf6
{[%clk 1:31:54]} Qxf6 {[%clk 1:29:52]} 8. e3 {[%clk 1:32:10]} Nd7
{[%clk 1:29:28]} 9. Qb3 {[%clk 1:26:39]} Bxc3+ {[%clk 1:22:45]} 10. Qxc3
{[%clk 1:10:37]} O-O {[%clk 1:21:58]} 11. Ne2 {[%clk 1:08:59]} Qd6
{[%clk 1:16:17]} 12. Rc1 {[%clk 0:59:22]} Nf6 {[%clk 1:15:39]} 13. cxd5
{[%clk 0:59:22]} cxd5 {[%clk 1:15:11]} 14. Qc5 {[%clk 0:56:19]} Qa6
{[%clk 1:13:11]} 15. Nc3 {[%clk 0:51:26]} Bg4 {[%clk 1:06:15]} 16. Qb5
{[%clk 0:43:43]} Qe6 {[%clk 1:05:38]} 17. Rc2 {[%clk 0:43:04]} b6
{[%clk 0:56:00]} 18. O-O {[%clk 0:38:05]} a6 {[%clk 0:48:20]} 19. Qb3
{[%clk 0:36:48]} Rfd8 {[%clk 0:47:29]} 20. Rfc1 {[%clk 0:32:48]} g5
{[%clk 0:43:55]} 21. Nb1 {[%clk 0:27:40]} Rd6 {[%clk 0:40:51]} 22. Nd2
{[%clk 0:26:15]} h5 {[%clk 0:30:33]} 23. Qa4 {[%clk 0:20:44]} Kg7
{[%clk 0:25:57]} 24. Rc7 {[%clk 0:17:41]} Bh3 {[%clk 0:16:44]} 25. Bxh3
{[%clk 0:16:05]} Qxh3 {[%clk 0:17:03]} 26. R1c6 {[%clk 0:16:26]} b5
{[%clk 0:13:24]} 27. Qa3 {[%clk 0:13:00]} Rxc6 {[%clk 0:11:38]} 28. Rxc6
{[%clk 0:13:27]} Qf5 {[%clk 0:11:16]} 29. h3 {[%clk 0:08:43]} Qxh3
{[%clk 0:06:04]} 30. Qe7 {[%clk 0:08:49]} Qf5 {[%clk 0:06:25]} 31. Qe5
{[%clk 0:08:53]} Qxe5 {[%clk 0:05:43]} 32. dxe5 {[%clk 0:09:20]} Ng4
{[%clk 0:05:39]} 33. Rd6 {[%clk 0:07:51]} Rc8 {[%clk 0:05:19]} 34. Rxd5
{[%clk 0:08:09]} Rc1+ {[%clk 0:05:44]} 35. Kg2 {[%clk 0:05:57]} Rc2
{[%clk 0:06:01]} 36. b3 {[%clk 0:03:44]} Rxa2 {[%clk 0:03:52]} 37. Rd6
{[%clk 0:03:36]} Nxe5 {[%clk 0:03:21]} 38. Nxe4 {[%clk 0:04:01]} Ng4
{[%clk 0:01:03]} 39. Kg1 {[%clk 0:02:51]} f6 {[%clk 0:00:53]} 40. b4
{[%clk 0:32:23]} h4 {[%clk 0:31:08]} 41. gxh4 {[%clk 0:29:41]} gxh4
{[%clk 0:31:33]} 42. Kg2 {[%clk 0:28:26]} Nxe3+ {[%clk 0:26:29]} 43. Kh3
{[%clk 0:24:43]} Ra3 {[%clk 0:25:55]} 44. Nc5 {[%clk 0:24:02]} Nf5+
{[%clk 0:17:35]} 45. Rd3 {[%clk 0:24:30]} Ra2 {[%clk 0:17:55]} 46. Rf3
{[%clk 0:22:11]} Kg6 {[%clk 0:15:52]} 47. Nd7 {[%clk 0:12:56]} Kg5
{[%clk 0:15:10]} 48. Nc5 {[%clk 0:12:58]} Re2 {[%clk 0:12:27]} 49. Ra3
{[%clk 0:12:27]} Ne7 {[%clk 0:04:24]} 50. Rxa6 {[%clk 0:11:13]} Nd5
{[%clk 0:04:50]} 51. Kg2 {[%clk 0:11:10]} Kg4 {[%clk 0:05:04]} 52. Kg1
{[%clk 0:08:12]} Re1+ {[%clk 0:04:10]} 53. Kh2 {[%clk 0:08:36]} Rf1
{[%clk 0:02:58]} 54. Kg2 {[%clk 0:06:07]} Rb1 {[%clk 0:03:18]} 55. f3+
{[%clk 0:03:41]} Kf5 {[%clk 0:03:15]} 56. Kh3 {[%clk 0:03:00]} Rxb4
{[%clk 0:02:55]} 57. Ne4 {[%clk 0:03:28]} Ke5 {[%clk 0:02:37]} 58. Nf2
{[%clk 0:03:27]} Rb3 {[%clk 0:02:41]} 59. Ng4+ {[%clk 0:03:27]} Kd4
{[%clk 0:02:05]} 60. Nh2 {[%clk 0:03:34]} Rb2 {[%clk 0:01:49]} 61. Ng4
{[%clk 0:03:45]} Rb3 {[%clk 0:01:48]} 62. Nh2 {[%clk 0:03:57]} b4
{[%clk 0:01:43]} 63. Kxh4 {[%clk 0:04:13]} Rb1 {[%clk 0:01:59]} 64. f4
{[%clk 0:03:02]} Ke4 {[%clk 0:01:00]} 65. Kg3 {[%clk 0:00:54]} Rb3+
{[%clk 0:01:24]} 66. Kg4 {[%clk 0:00:48]} f5+ {[%clk 0:01:45]} 67. Kg5
{[%clk 0:01:16]} Rg3+ {[%clk 0:02:10]} 68. Kh4 {[%clk 0:01:33]} Rg8
{[%clk 0:01:56]} 69. Ra1 {[%clk 0:00:47]} Kxf4 {[%clk 0:01:58]} 70. Rf1+
{[%clk 0:01:10]} Ke4 {[%clk 0:02:23]} 71. Nf3 {[%clk 0:01:18]} Ne3
{[%clk 0:02:02]} 72. Rf2 {[%clk 0:01:45]} f4 {[%clk 0:01:39]} 73. Ng5+
{[%clk 0:01:16]} Kf5 {[%clk 0:02:04]} 74. Nf7 {[%clk 0:01:43]} Rg7
{[%clk 0:01:58]} 75. Nd6+ {[%clk 0:01:18]} Ke5 {[%clk 0:02:22]} 76. Nc8
{[%clk 0:00:54]} Rc7 {[%clk 0:02:33]} 77. Nb6 {[%clk 0:01:12]} Kf5
{[%clk 0:02:58]} 0-1

[Event "Ekstraliga 2021"]
[Site "Legnica"]
[Date "2021.10.10"]
[Round "9.8"]
[White "Bluebaum, Matthias"]
[Black "Huschenbeth, Niclas"]
[Result "1/2-1/2"]
[BlackElo "2608"]
[WhiteElo "2640"]
[WhiteTeam "Stilon Gorzow"]
[BlackTeam "SILESIA Raciborz"]
[LiveChessVersion "1.4.8"]

1. d4 {[%clk 1:30:57]} Nf6 {[%clk 1:30:56]} 2. Nf3 {[%clk 1:31:21]} d5
{[%clk 1:31:20]} 3. e3 {[%clk 1:31:43]} e6 {[%clk 1:21:40]} 4. Bd3
{[%clk 1:31:50]} c5 {[%clk 1:16:57]} 5. b3 {[%clk 1:32:15]} Nbd7 {[%clk 1:15:22]}
6. O-O {[%clk 1:28:36]} Be7 {[%clk 1:11:33]} 7. Bb2 {[%clk 1:26:46]} b6
{[%clk 1:08:26]} 8. Nbd2 {[%clk 1:23:59]} Bb7 {[%clk 1:06:30]} 9. Qe2
{[%clk 1:16:05]} O-O {[%clk 1:05:59]} 10. Rfd1 {[%clk 1:15:45]} Rc8
{[%clk 0:57:15]} 11. Rac1 {[%clk 1:14:20]} Rc7 {[%clk 0:45:28]} 12. Ne5
{[%clk 1:03:45]} Qa8 {[%clk 0:43:08]} 13. Nxd7 {[%clk 0:59:45]} Nxd7
{[%clk 0:39:23]} 14. dxc5 {[%clk 0:56:32]} bxc5 {[%clk 0:26:36]} 15. c4
{[%clk 0:54:16]} Bf6 {[%clk 0:25:24]} 16. Bxf6 {[%clk 0:48:11]} Nxf6
{[%clk 0:25:50]} 17. cxd5 {[%clk 0:48:37]} exd5 {[%clk 0:26:08]} 18. Nf3
{[%clk 0:49:05]} Qb8 {[%clk 0:18:48]} 19. Qb2 {[%clk 0:43:02]} Bc8
{[%clk 0:17:37]} 20. Rd2 {[%clk 0:40:24]} Be6 {[%clk 0:15:18]} 21. Rdc2
{[%clk 0:40:28]} Qb4 {[%clk 0:14:11]} 22. Nd4 {[%clk 0:30:26]} Bd7
{[%clk 0:14:09]} 23. Rc3 {[%clk 0:24:10]} Rfc8 {[%clk 0:10:48]} 24. Nf5
{[%clk 0:14:40]} Bxf5 {[%clk 0:10:44]} 25. Bxf5 {[%clk 0:15:09]} Rb8
{[%clk 0:10:39]} 26. Qc2 {[%clk 0:14:04]} g6 {[%clk 0:11:04]} 27. Bd3
{[%clk 0:14:31]} Rbc8 {[%clk 0:09:44]} 1/2-1/2

[Event "Ekstraliga 2021"]
[Site "Legnica"]
[Date "2021.10.10"]
[Round "9.9"]
[White "Markowski, Tomasz"]
[Black "Janik, Igor"]
[Result "1/2-1/2"]
[BlackElo "2484"]
[WhiteElo "2548"]
[WhiteTeam "SILESIA Raciborz"]
[BlackTeam "Stilon Gorzow"]
[LiveChessVersion "1.4.8"]

1. c4 {[%clk 1:30:58]} e6 {[%clk 1:29:34]} 2. Nf3 {[%clk 1:30:36]} d5
{[%clk 1:29:41]} 3. g3 {[%clk 1:30:52]} dxc4 {[%clk 1:30:04]} 4. Qa4+
{[%clk 1:31:08]} Nd7 {[%clk 1:30:27]} 5. Bg2 {[%clk 1:31:07]} a6 {[%clk 1:30:52]}
6. Qxc4 {[%clk 1:31:23]} b5 {[%clk 1:31:08]} 7. Qc2 {[%clk 1:31:36]} Bb7
{[%clk 1:31:33]} 8. O-O {[%clk 1:32:01]} Ngf6 {[%clk 1:31:58]} 9. b3
{[%clk 1:32:03]} Be7 {[%clk 1:31:29]} 10. Bb2 {[%clk 1:32:28]} O-O
{[%clk 1:31:34]} 11. d3 {[%clk 1:32:55]} c5 {[%clk 1:31:48]} 12. Nbd2
{[%clk 1:33:14]} Rc8 {[%clk 1:28:34]} 13. Rfc1 {[%clk 1:33:32]} Qb6
{[%clk 1:28:36]} 14. a3 {[%clk 1:31:06]} Rfe8 {[%clk 1:26:02]} 15. Rab1
{[%clk 1:31:23]} Bd6 {[%clk 1:24:20]} 16. Qd1 {[%clk 1:31:15]} h6
{[%clk 1:19:40]} 17. Qf1 {[%clk 1:30:53]} Bf8 {[%clk 1:10:01]} 18. Rc2
{[%clk 1:26:05]} e5 {[%clk 1:06:20]} 19. e4 {[%clk 1:25:53]} Rcd8
{[%clk 1:02:56]} 20. Bh3 {[%clk 1:17:51]} Qd6 {[%clk 1:00:02]} 21. Rbc1
{[%clk 1:15:44]} Nb8 {[%clk 0:52:48]} 22. Rxc5 {[%clk 1:12:41]} Qxd3
{[%clk 0:53:01]} 23. Rxe5 {[%clk 1:07:51]} Qxf1+ {[%clk 0:51:45]} 24. Nxf1
{[%clk 1:07:01]} Nxe4 {[%clk 0:45:31]} 25. Rxe8 {[%clk 1:06:12]} Rxe8
{[%clk 0:45:37]} 26. Nd4 {[%clk 1:03:38]} Nc5 {[%clk 0:39:34]} 27. Bc3
{[%clk 0:58:20]} Nd3 {[%clk 0:37:57]} 28. Rd1 {[%clk 0:55:24]} Ne5
{[%clk 0:31:01]} 29. Ne3 {[%clk 0:51:50]} Nf3+ {[%clk 0:24:06]} 30. Nxf3
{[%clk 0:50:09]} Bxf3 {[%clk 0:22:24]} 31. Ra1 {[%clk 0:50:38]} Rd8
{[%clk 0:20:19]} 32. b4 {[%clk 0:46:09]} Nd7 {[%clk 0:15:09]} 1/2-1/2

[Event "Ekstraliga 2021"]
[Site "Legnica"]
[Date "2021.10.10"]
[Round "9.10"]
[White "Krasenkow, Michal"]
[Black "Jakubowski, Krzysztof"]
[Result "0-1"]
[BlackElo "2459"]
[WhiteElo "2578"]
[WhiteTeam "Stilon Gorzow"]
[BlackTeam "SILESIA Raciborz"]
[LiveChessVersion "1.4.8"]

1. d4 {[%clk 1:30:54]} Nf6 {[%clk 1:30:49]} 2. c4 {[%clk 1:31:18]} e6
{[%clk 1:31:10]} 3. g3 {[%clk 1:31:46]} Bb4+ {[%clk 1:26:53]} 4. Bd2
{[%clk 1:32:07]} Be7 {[%clk 1:27:15]} 5. Bg2 {[%clk 1:32:33]} d5 {[%clk 1:27:38]}
6. Nf3 {[%clk 1:32:59]} O-O {[%clk 1:28:01]} 7. O-O {[%clk 1:33:26]} Nbd7
{[%clk 1:28:25]} 8. Qc2 {[%clk 1:33:41]} c6 {[%clk 1:28:43]} 9. Rc1
{[%clk 1:34:04]} a5 {[%clk 1:17:18]} 10. a4 {[%clk 1:34:17]} Ne4 {[%clk 1:12:43]}
11. Be1 {[%clk 1:34:13]} Bd6 {[%clk 1:03:36]} 12. Nfd2 {[%clk 1:28:16]} f5
{[%clk 1:01:49]} 13. Nxe4 {[%clk 1:25:59]} fxe4 {[%clk 1:00:11]} 14. f3
{[%clk 1:13:29]} exf3 {[%clk 0:58:37]} 15. Bxf3 {[%clk 1:11:33]} Kh8
{[%clk 0:56:28]} 16. Nd2 {[%clk 1:10:44]} e5 {[%clk 0:56:14]} 17. cxd5
{[%clk 1:07:52]} cxd5 {[%clk 0:56:32]} 18. Bxd5 {[%clk 0:57:52]} exd4
{[%clk 0:56:15]} 19. Bg2 {[%clk 0:52:44]} Ne5 {[%clk 0:49:10]} 20. Ne4
{[%clk 0:47:58]} Bb8 {[%clk 0:37:07]} 21. Nf2 {[%clk 0:36:07]} Ba7
{[%clk 0:34:46]} 22. Nd3 {[%clk 0:34:03]} Ng4 {[%clk 0:34:58]} 23. Bd2
{[%clk 0:28:26]} Bf5 {[%clk 0:27:59]} 24. Rf1 {[%clk 0:26:20]} Qe7
{[%clk 0:28:13]} 25. Rae1 {[%clk 0:23:20]} h5 {[%clk 0:24:42]} 26. Qb3
{[%clk 0:21:15]} Ne3 {[%clk 0:21:16]} 27. Bxe3 {[%clk 0:19:24]} Qxe3+
{[%clk 0:21:40]} 28. Kh1 {[%clk 0:19:48]} Be4 {[%clk 0:21:46]} 29. Rg1
{[%clk 0:10:23]} Rf2 {[%clk 0:14:46]} 30. Qb5 {[%clk 0:10:34]} Rf5
{[%clk 0:12:24]} 31. Qd7 {[%clk 0:10:36]} Raf8 {[%clk 0:12:38]} 32. Nf4
{[%clk 0:09:36]} Kh7 {[%clk 0:06:42]} 33. Ref1 {[%clk 0:08:28]} Bb8
{[%clk 0:03:43]} 34. Bxe4 {[%clk 0:02:24]} Qxe4+ {[%clk 0:04:06]} 35. Rf3
{[%clk 0:02:53]} Bxf4 {[%clk 0:02:48]} 36. gxf4 {[%clk 0:03:22]} R8f7
{[%clk 0:02:58]} 37. Qd8 {[%clk 0:02:39]} Qxe2 {[%clk 0:01:27]} 38. Rgf1
{[%clk 0:02:27]} Qe4 {[%clk 0:01:41]} 39. Kg1 {[%clk 0:02:15]} R7f6
{[%clk 0:01:04]} 40. Qc7 {[%clk 0:31:28]} Rc6 {[%clk 0:31:04]} 41. Qb8
{[%clk 0:28:21]} h4 {[%clk 0:29:03]} 42. h3 {[%clk 0:28:41]} Rg6+
{[%clk 0:27:45]} 43. Kh2 {[%clk 0:29:04]} Qc2+ {[%clk 0:26:52]} 44. R1f2
{[%clk 0:27:40]} Qb1 {[%clk 0:26:36]} 45. Rf1 {[%clk 0:28:08]} Qxb2+
{[%clk 0:26:58]} 46. R1f2 {[%clk 0:28:38]} Qa1 {[%clk 0:26:10]} 47. Rf1
{[%clk 0:28:28]} Qb2+ {[%clk 0:25:00]} 48. R1f2 {[%clk 0:28:55]} Qb1
{[%clk 0:25:26]} 49. Rf1 {[%clk 0:29:16]} Qe4 {[%clk 0:25:49]} 50. R1f2
{[%clk 0:28:55]} Qd5 {[%clk 0:24:52]} 51. Rd3 {[%clk 0:27:26]} Rgf6
{[%clk 0:23:26]} 52. Qc7 {[%clk 0:23:36]} Rf7 {[%clk 0:23:30]} 53. Qc1
{[%clk 0:22:18]} Qd6 {[%clk 0:23:10]} 54. Rdf3 {[%clk 0:21:52]} d3
{[%clk 0:20:49]} 55. Qe3 {[%clk 0:20:21]} Rd5 {[%clk 0:21:05]} 56. Qe4+
{[%clk 0:16:03]} g6 {[%clk 0:20:48]} 57. Rd2 Re7 58. Qc4 Rc7 59. Qb3 Rc2 60.
Qxb7+ Kh6 0-1

[Event "Ekstraliga 2021"]
[Site "Legnica"]
[Date "2021.10.10"]
[Round "9.11"]
[White "Krzyzanowski, Marcin"]
[Black "Kanarek, Marcel"]
[Result "0-1"]
[BlackElo "2481"]
[WhiteElo "2514"]
[WhiteTeam "SILESIA Raciborz"]
[BlackTeam "Stilon Gorzow"]
[LiveChessVersion "1.4.8"]

1. d4 {[%clk 1:30:57]} Nf6 {[%clk 1:30:45]} 2. c4 {[%clk 1:31:17]} g6
{[%clk 1:30:14]} 3. g3 {[%clk 1:31:21]} c6 {[%clk 1:28:53]} 4. Bg2
{[%clk 1:26:49]} d5 {[%clk 1:28:52]} 5. Qa4 {[%clk 1:27:14]} Bg7 {[%clk 1:16:20]}
6. cxd5 {[%clk 1:26:32]} Nxd5 {[%clk 1:16:48]} 7. Nf3 {[%clk 1:26:19]} Nb6
{[%clk 1:14:05]} 8. Qc2 {[%clk 1:20:31]} Bg4 {[%clk 0:57:48]} 9. Nbd2
{[%clk 1:14:06]} Bxd4 {[%clk 0:43:00]} 10. Nxd4 {[%clk 1:14:14]} Qxd4
{[%clk 0:43:23]} 11. h3 {[%clk 1:14:33]} Bf5 {[%clk 0:41:49]} 12. e4
{[%clk 1:14:37]} Be6 {[%clk 0:41:11]} 13. O-O {[%clk 1:14:49]} N8d7
{[%clk 0:33:50]} 14. Nf3 {[%clk 1:09:46]} Qc5 {[%clk 0:31:58]} 15. Qd2
{[%clk 1:06:02]} O-O-O {[%clk 0:28:36]} 16. b4 {[%clk 0:56:11]} Qc4
{[%clk 0:25:43]} 17. Qg5 {[%clk 0:34:54]} Qxb4 {[%clk 0:24:44]} 18. a4
{[%clk 0:33:54]} f6 {[%clk 0:22:32]} 19. Qe3 {[%clk 0:32:43]} Nc4
{[%clk 0:20:45]} 20. Qe2 {[%clk 0:30:22]} Nde5 {[%clk 0:18:29]} 21. Nxe5
{[%clk 0:28:22]} fxe5 {[%clk 0:18:55]} 22. Bh6 {[%clk 0:28:45]} Qa5
{[%clk 0:12:48]} 23. Rfb1 {[%clk 0:21:03]} Rd4 {[%clk 0:12:25]} 24. Qa2
{[%clk 0:20:48]} Rd6 {[%clk 0:08:02]} 25. Qb3 {[%clk 0:19:33]} b6
{[%clk 0:07:53]} 26. Qc2 {[%clk 0:18:55]} Rhd8 {[%clk 0:05:57]} 27. Rc1
{[%clk 0:15:49]} c5 {[%clk 0:02:45]} 28. Rcb1 {[%clk 0:11:14]} Rd3
{[%clk 0:02:51]} 29. Rc1 {[%clk 0:05:46]} Nd2 {[%clk 0:02:38]} 30. Qb2
{[%clk 0:06:02]} R8d4 {[%clk 0:01:42]} 31. Be3 {[%clk 0:05:54]} Nb3
{[%clk 0:01:48]} 32. Bxd4 {[%clk 0:06:11]} Rxd4 {[%clk 0:01:33]} 33. Qa2
{[%clk 0:03:19]} Rd2 {[%clk 0:01:56]} 34. Qa3 {[%clk 0:03:48]} Nxa1
{[%clk 0:01:47]} 35. Qxa1 {[%clk 0:04:17]} Rd4 {[%clk 0:01:56]} 36. Qa3
{[%clk 0:04:22]} Qxa4 {[%clk 0:01:42]} 37. Qf3 {[%clk 0:04:50]} Rd8
{[%clk 0:01:46]} 38. Qc3 {[%clk 0:05:04]} Rd1+ {[%clk 0:01:36]} 39. Kh2
{[%clk 0:05:29]} Qd4 {[%clk 0:00:41]} 40. Qa3 {[%clk 0:35:29]} Rxc1
{[%clk 0:30:56]} 41. Qxc1 {[%clk 0:35:58]} Qxf2 {[%clk 0:28:20]} 42. Qa1
{[%clk 0:36:22]} a5 {[%clk 0:27:05]} 43. Qa4 {[%clk 0:35:55]} Kc7
{[%clk 0:17:11]} 44. Qe8 {[%clk 0:35:41]} Qf7 {[%clk 0:15:23]} 45. Qh8
{[%clk 0:35:34]} Qf6 {[%clk 0:14:46]} 46. Qa8 {[%clk 0:34:34]} Bc8
{[%clk 0:14:49]} 0-1

[Event "Ekstraliga 2021"]
[Site "Legnica"]
[Date "2021.10.10"]
[Round "9.12"]
[White "Cyfka, Karina"]
[Black "Buksa, Nataliya"]
[Result "1/2-1/2"]
[BlackElo "2409"]
[WhiteElo "2409"]
[WhiteTeam "Stilon Gorzow"]
[BlackTeam "SILESIA Raciborz"]
[LiveChessVersion "1.4.8"]

1. d4 {[%clk 1:30:56]} d5 {[%clk 1:29:57]} 2. c4 {[%clk 1:31:10]} e6
{[%clk 1:30:24]} 3. Nf3 {[%clk 1:31:01]} Nf6 {[%clk 1:30:49]} 4. e3
{[%clk 1:31:11]} b6 {[%clk 1:31:04]} 5. b3 {[%clk 1:30:46]} Bb7 {[%clk 1:31:29]}
6. Bb2 {[%clk 1:28:44]} Nbd7 {[%clk 1:30:21]} 7. Nbd2 {[%clk 1:27:27]} Bd6
{[%clk 1:30:02]} 8. Bd3 {[%clk 1:26:24]} Ne4 {[%clk 1:28:21]} 9. O-O
{[%clk 1:21:45]} O-O {[%clk 1:22:24]} 10. Rc1 {[%clk 1:18:15]} f5
{[%clk 1:15:38]} 11. cxd5 {[%clk 1:04:46]} exd5 {[%clk 1:11:21]} 12. Ne5
{[%clk 1:00:09]} Qe7 {[%clk 1:03:45]} 13. Ndf3 {[%clk 0:58:41]} Ndf6
{[%clk 0:56:44]} 14. Qe2 {[%clk 0:55:21]} a6 {[%clk 0:51:37]} 15. Rc2
{[%clk 0:51:20]} Nh5 {[%clk 0:40:25]} 16. Nd2 {[%clk 0:45:11]} Nhf6
{[%clk 0:39:25]} 17. Ndf3 {[%clk 0:40:01]} Nh5 {[%clk 0:38:18]} 18. Nd2
{[%clk 0:35:01]} Nhf6 {[%clk 0:34:53]} 1/2-1/2

[Event "Ekstraliga 2021"]
[Site "Legnica"]
[Date "2021.10.10"]
[Round "9.13"]
[White "Lagarde, Maxime"]
[Black "Szpar, Milosz"]
[Result "1-0"]
[BlackElo "2403"]
[WhiteElo "2640"]
[WhiteTeam "POMOT Wieza Pegow"]
[BlackTeam "LKSz GCKiP Czarna"]
[LiveChessVersion "1.4.8"]

1. Nf3 {[%clk 1:30:46]} Nf6 {[%clk 1:30:06]} 2. c4 {[%clk 1:31:03]} g6
{[%clk 1:25:44]} 3. Nc3 {[%clk 1:31:15]} Bg7 {[%clk 1:25:32]} 4. d4
{[%clk 1:31:29]} O-O {[%clk 1:25:36]} 5. e4 {[%clk 1:31:54]} d6 {[%clk 1:26:02]}
6. Be2 {[%clk 1:31:58]} e5 {[%clk 1:26:20]} 7. O-O {[%clk 1:32:20]} exd4
{[%clk 1:25:50]} 8. Nxd4 {[%clk 1:32:36]} Re8 {[%clk 1:26:13]} 9. f3
{[%clk 1:32:26]} c6 {[%clk 1:26:31]} 10. Kh1 {[%clk 1:32:11]} Nbd7
{[%clk 1:26:43]} 11. Be3 {[%clk 1:32:32]} d5 {[%clk 1:22:11]} 12. cxd5
{[%clk 1:32:56]} cxd5 {[%clk 1:12:16]} 13. Ndb5 {[%clk 1:33:22]} Nb6
{[%clk 1:11:42]} 14. a4 {[%clk 1:19:34]} a5 {[%clk 0:52:33]} 15. Qe1
{[%clk 1:05:17]} Re6 {[%clk 0:43:10]} 16. Qf2 {[%clk 1:00:44]} Bd7
{[%clk 0:27:02]} 17. Rad1 {[%clk 0:52:14]} Nc4 {[%clk 0:18:45]} 18. Bxc4
{[%clk 0:41:49]} dxc4 {[%clk 0:19:10]} 19. Rd2 {[%clk 0:41:51]} Qc8
{[%clk 0:15:47]} 20. Nd6 {[%clk 0:38:38]} Qc6 {[%clk 0:14:18]} 21. Rfd1
{[%clk 0:38:15]} Bf8 {[%clk 0:11:09]} 22. Ncb5 {[%clk 0:28:14]} Ra6
{[%clk 0:08:08]} 23. g4 {[%clk 0:19:08]} Bxd6 {[%clk 0:07:17]} 24. Nxd6
{[%clk 0:18:56]} Qc7 {[%clk 0:06:09]} 25. Nb5 {[%clk 0:12:19]} Bxb5
{[%clk 0:06:31]} 26. axb5 {[%clk 0:12:45]} Rad6 {[%clk 0:06:20]} 27. Bd4
{[%clk 0:04:36]} Nd7 {[%clk 0:05:29]} 28. Qg3 {[%clk 0:04:39]} Qd8
{[%clk 0:04:49]} 29. Bc3 {[%clk 0:04:41]} Rxd2 {[%clk 0:04:24]} 30. Rxd2
{[%clk 0:05:07]} b6 {[%clk 0:02:24]} 31. g5 {[%clk 0:04:20]} Qc8 {[%clk 0:02:21]}
32. Rd5 {[%clk 0:04:17]} Nc5 {[%clk 0:01:37]} 33. Qf2 {[%clk 0:04:18]} Nb3
{[%clk 0:01:22]} 34. Kg2 {[%clk 0:03:05]} h6 {[%clk 0:01:04]} 35. gxh6
{[%clk 0:02:01]} Kh7 {[%clk 0:01:30]} 36. Qh4 {[%clk 0:02:11]} 1-0

[Event "Ekstraliga 2021"]
[Site "Legnica"]
[Date "2021.10.10"]
[Round "9.14"]
[White "Mis, Mieszko"]
[Black "Moranda, Wojciech"]
[Result "1/2-1/2"]
[BlackElo "2622"]
[WhiteElo "2347"]
[WhiteTeam "LKSz GCKiP Czarna"]
[BlackTeam "POMOT Wieza Pegow"]
[LiveChessVersion "1.4.8"]

1. d4 {[%clk 1:30:56]} Nf6 {[%clk 1:30:47]} 2. c4 {[%clk 1:31:16]} e6
{[%clk 1:31:02]} 3. Nc3 {[%clk 1:31:35]} Bb4 {[%clk 1:31:19]} 4. Qc2
{[%clk 1:31:52]} d5 {[%clk 1:31:13]} 5. a3 {[%clk 1:31:19]} Bxc3+
{[%clk 1:31:19]} 6. Qxc3 {[%clk 1:31:45]} Ne4 {[%clk 1:30:53]} 7. Qd3
{[%clk 1:06:45]} b6 {[%clk 1:23:45]} 8. e3 {[%clk 0:57:46]} Nd7 {[%clk 1:16:04]}
9. Nf3 {[%clk 0:54:43]} Bb7 {[%clk 1:12:41]} 10. cxd5 {[%clk 0:47:19]} exd5
{[%clk 1:05:24]} 11. Be2 {[%clk 0:41:26]} O-O {[%clk 1:02:59]} 12. O-O
{[%clk 0:39:27]} a5 {[%clk 0:53:28]} 13. Qc2 {[%clk 0:36:29]} c5 {[%clk 0:51:54]}
14. dxc5 {[%clk 0:35:29]} bxc5 {[%clk 0:47:40]} 15. Nd2 {[%clk 0:28:05]} Nd6
{[%clk 0:43:48]} 16. b3 {[%clk 0:22:25]} Re8 {[%clk 0:41:15]} 17. Nf3
{[%clk 0:19:09]} Rc8 {[%clk 0:32:40]} 18. Bb2 {[%clk 0:18:14]} Nf8
{[%clk 0:27:09]} 19. Rad1 {[%clk 0:17:25]} Ne6 {[%clk 0:24:32]} 20. Be5
{[%clk 0:12:30]} d4 {[%clk 0:19:45]} 21. exd4 {[%clk 0:07:11]} cxd4
{[%clk 0:19:06]} 22. Qb2 {[%clk 0:06:24]} Nf5 {[%clk 0:18:50]} 23. Rfe1
{[%clk 0:05:02]} Be4 {[%clk 0:15:29]} 24. Rd2 {[%clk 0:01:25]} Bxf3
{[%clk 0:10:09]} 25. Bxf3 {[%clk 0:01:37]} Ng5 {[%clk 0:10:04]} 26. Bg4
{[%clk 0:01:23]} Rc5 {[%clk 0:05:14]} 27. f4 {[%clk 0:01:23]} Nh6
{[%clk 0:05:17]} 28. Be2 {[%clk 0:01:07]} Ne4 {[%clk 0:04:31]} 29. Rxd4
{[%clk 0:00:43]} Qb6 {[%clk 0:04:17]} 30. Bf3 {[%clk 0:00:38]} Rcxe5
{[%clk 0:02:55]} 31. fxe5 {[%clk 0:00:57]} Nf5 {[%clk 0:03:21]} 32. Bxe4
{[%clk 0:00:39]} Nxd4 {[%clk 0:03:18]} 33. Qf2 {[%clk 0:01:02]} Qc5
{[%clk 0:03:31]} 34. Bd3 {[%clk 0:00:40]} Nxb3 {[%clk 0:03:09]} 35. Qxc5
{[%clk 0:00:52]} Nxc5 {[%clk 0:03:36]} 36. Bc4 {[%clk 0:01:17]} g6
{[%clk 0:01:56]} 37. Re3 {[%clk 0:00:43]} 1/2-1/2

[Event "Ekstraliga 2021"]
[Site "Legnica"]
[Date "2021.10.10"]
[Round "9.15"]
[White "Michalik, Peter"]
[Black "Chyzy, Jakub"]
[Result "0-1"]
[BlackElo "2189"]
[WhiteElo "2566"]
[WhiteTeam "POMOT Wieza Pegow"]
[BlackTeam "LKSz GCKiP Czarna"]
[LiveChessVersion "1.4.8"]

1. e4 {[%clk 1:30:57]} e5 {[%clk 1:30:54]} 2. Nf3 {[%clk 1:31:23]} Nc6
{[%clk 1:31:20]} 3. Bb5 {[%clk 1:31:47]} a6 {[%clk 1:31:46]} 4. Ba4
{[%clk 1:32:12]} Bc5 {[%clk 1:32:10]} 5. O-O {[%clk 1:30:33]} Nge7
{[%clk 1:32:37]} 6. c3 {[%clk 1:27:53]} Ba7 {[%clk 1:32:33]} 7. d4 Ng6
{[%clk 1:32:55]} 8. Bg5 {[%clk 1:23:14]} f6 {[%clk 1:33:05]} 9. Be3
{[%clk 1:23:38]} O-O 10. d5 {[%clk 1:18:10]} Nce7 {[%clk 1:33:16]} 11. Bxa7
{[%clk 1:18:01]} Rxa7 {[%clk 1:33:45]} 12. d6 {[%clk 1:18:24]} cxd6
{[%clk 1:33:46]} 13. Qxd6 {[%clk 1:18:49]} b5 {[%clk 1:34:20]} 14. Bb3+
{[%clk 1:17:03]} Kh8 {[%clk 1:31:45]} 15. c4 {[%clk 1:12:30]} bxc4
{[%clk 1:18:58]} 16. Bxc4 Rc7 17. b3 {[%clk 1:09:31]} Rc6 {[%clk 1:19:08]} 18.
Qd1 {[%clk 0:29:29]} f5 {[%clk 0:59:22]} 19. exf5 {[%clk 0:29:19]} Nxf5
{[%clk 0:50:38]} 20. Nc3 {[%clk 0:13:45]} Bb7 {[%clk 0:47:03]} 21. Qe1 Rxc4 22.
bxc4 {[%clk 0:09:55]} Bxf3 {[%clk 0:47:27]} 23. gxf3 {[%clk 0:09:44]} Nd4 0-1